Toy box subtraction / (Record no. 7039)

MARC details
000 -LEADER
fixed length control field 01061cam a22003374a 4500
001 - CONTROL NUMBER
control field 7039
003 - CONTROL NUMBER IDENTIFIER
control field FISKH
005 - DATE AND TIME OF LATEST TRANSACTION
control field 20250619102845.0
008 - FIXED-LENGTH DATA ELEMENTS--GENERAL INFORMATION
fixed length control field 040302s2004 nyua j b 001 0 eng
010 ## - LIBRARY OF CONGRESS CONTROL NUMBER
LC control number 2004005070
020 ## - INTERNATIONAL STANDARD BOOK NUMBER
International Standard Book Number 051624423X
020 ## - INTERNATIONAL STANDARD BOOK NUMBER
International Standard Book Number 9780516244235
040 ## - CATALOGING SOURCE
Original cataloging agency DLC
Transcribing agency DLC
Modifying agency DLC
Language of cataloging eng
050 ## - LIBRARY OF CONGRESS CALL NUMBER
Classification number QA115.F93
082 ## - DEWEY DECIMAL CLASSIFICATION NUMBER
Classification number 513.2
100 1# - MAIN ENTRY--PERSONAL NAME
Personal name Fuller, Jill,
Dates associated with a name 1949-
245 10 - TITLE STATEMENT
Title Toy box subtraction /
Statement of responsibility, etc. by Jill Fuller.
260 ## - PUBLICATION, DISTRIBUTION, ETC.
Place of publication, distribution, etc. New York :
Name of publisher, distributor, etc. Children's Press,
Date of publication, distribution, etc. 2004.
300 ## - PHYSICAL DESCRIPTION
Extent 31 pages :
Other physical details color illustrations ;
Dimensions 19 cm
440 #0 - SERIES STATEMENT/ADDED ENTRY--TITLE
Title Rookie read-about math
504 ## - BIBLIOGRAPHY, ETC. NOTE
Bibliography, etc. note Includes bibliographical references and index.
505 ## - FORMATTED CONTENTS NOTE
Formatted contents note G<br/>
520 ## - SUMMARY, ETC.
Summary, etc. Subtraction is explained through the example of a boy cleaning out his crowded toy box so his toys will fit into it.<br/>
521 8# - TARGET AUDIENCE NOTE
Target audience note 380<br/>
Source Lexile<br/>
521 8# - TARGET AUDIENCE NOTE
Target audience note G<br/>
Source Raz-Plus<br/>
650 #0 - SUBJECT ADDED ENTRY--TOPICAL TERM
Topical term or geographic name entry element Subtraction
Form subdivision Juvenile literature.
650 #0 - SUBJECT ADDED ENTRY--TOPICAL TERM
Topical term or geographic name entry element Toys
Form subdivision Juvenile literature.
906 ## - LOCAL DATA ELEMENT F, LDF (RLIN)
a 7
b cbc
c orignew
d 1
e ecip
f 20
g y-gencatlg
942 ## - ADDED ENTRY ELEMENTS (KOHA)
Source of classification or shelving scheme Dewey Decimal Classification
Koha item type Books
Suppress in OPAC No
Holdings
Withdrawn status Lost status Source of classification or shelving scheme Damaged status Not for loan Collection Home library Current library Shelving location Date acquired Total Checkouts Full call number Barcode Date last seen Copy number Price effective from Koha item type
    Dewey Decimal Classification     Non-Fiction Footprints International School Library Network Toul Kork Campus Footprints International School Library Network Toul Kork Campus TK Primary Library Room(4th Floor), Bookcase 1&2, Shelves 1-16, Dark Blue Books 06/19/2025   FUL 513.2 QA115.F93 FISTK03276 06/19/2025 1 06/19/2025 Books